<?xml version="1.0" encoding="UTF-8"?><?xml-stylesheet type="text/xsl" href="static/style.xsl"?><OAI-PMH xmlns="http://www.openarchives.org/OAI/2.0/" xmlns:xsi="http://www.w3.org/2001/XMLSchema-instance" xsi:schemaLocation="http://www.openarchives.org/OAI/2.0/ http://www.openarchives.org/OAI/2.0/OAI-PMH.xsd"><responseDate>2026-04-27T12:59:55Z</responseDate><request verb="GetRecord" identifier="oai:uvadoc.uva.es:10324/22732" metadataPrefix="marc">https://uvadoc.uva.es/oai/request</request><GetRecord><record><header><identifier>oai:uvadoc.uva.es:10324/22732</identifier><datestamp>2025-02-18T13:03:04Z</datestamp><setSpec>com_10324_1164</setSpec><setSpec>com_10324_931</setSpec><setSpec>com_10324_894</setSpec><setSpec>col_10324_1331</setSpec></header><metadata><record xmlns="http://www.loc.gov/MARC21/slim" xmlns:doc="http://www.lyncode.com/xoai" xmlns:xsi="http://www.w3.org/2001/XMLSchema-instance" xmlns:dcterms="http://purl.org/dc/terms/" xsi:schemaLocation="http://www.loc.gov/MARC21/slim http://www.loc.gov/standards/marcxml/schema/MARC21slim.xsd">
<leader>00925njm 22002777a 4500</leader>
<datafield tag="042" ind1=" " ind2=" ">
<subfield code="a">dc</subfield>
</datafield>
<datafield tag="720" ind1=" " ind2=" ">
<subfield code="a">Lozano Ruiz, Carlos</subfield>
<subfield code="e">author</subfield>
</datafield>
<datafield tag="260" ind1=" " ind2=" ">
<subfield code="c">2015</subfield>
</datafield>
<datafield tag="520" ind1=" " ind2=" ">
<subfield code="a">El servicio doméstico siguió siendo para las mujeres, a finales del Antiguo Régimen, “la vía más práctica y rápida para entrar en la econo¬mía urbana aunque en la segunda mitad del XVIII la industria les diese algunas oportunidades más”. Tal es así, que esta fue “la vía laboral mayoritariamente adoptada por la población femenina, el primer medio, sino el único, que se ofrecía a muchas mujeres para lograr reunir la ansiada dote”, por lo que el servicio que prestaban no era un fin en sí mismo sino que este tuvo una orientación y una finalidad muy clara en la mayoría de los casos.</subfield>
</datafield>
<datafield tag="024" ind2=" " ind1="8">
<subfield code="a">As Mulheres perante os tribunais do Antigo Regime na Península Ibérica. coord. por Isabel M. R. Mendes Drumond Braga, Margarita Torremocha Hernández , 2015, págs. 177-199</subfield>
</datafield>
<datafield tag="024" ind2=" " ind1="8">
<subfield code="a">978-989-26-1032-0</subfield>
</datafield>
<datafield tag="024" ind2=" " ind1="8">
<subfield code="a">http://uvadoc.uva.es/handle/10324/22732</subfield>
</datafield>
<datafield tag="024" ind2=" " ind1="8">
<subfield code="a">As Mulheres perante os tribunais do Antigo Regime na Península Ibérica</subfield>
</datafield>
<datafield tag="245" ind1="0" ind2="0">
<subfield code="a">Los delitos contra la propiedad cometidos por las mozas de servicio en Castilla a finales del Antiguo Régimen</subfield>
</datafield>
</record></metadata></record></GetRecord></OAI-PMH>